000
00231nam a2200097Ia 4500
001
899171
005
20250826184443.0
008
250824s9999 xx 000 0 und d
245
0
_a
2034
_c
DMITRY GLUKHOVSKY
260
_b
PANAMA YAYINLARI
999
_c
899171
_d
899171